000
00292nam a2200121Ia 4500
008
190216s9999||||xx |||||||||||||| ||und||
100
_a
Dr.Arsu
245
0
_a
Hindi-Keral Kala Sahithya Aur Samskrithi
260
_b
Jawahar Pusthakalay
_c
2008
300
_a
159
650
_a
Hindi
942
_c
BK
999
_c
16653
_d
16653